| 000 | 00628nam a2200193 4500 | ||
|---|---|---|---|
| 005 | 20250402170555.0 | ||
| 010 | _aENG-144439 | ||
| 020 |
_a9789357313636 _c499.00 |
||
| 035 | _aEN-127971 | ||
| 037 | _bDBAD | ||
| 082 | _a796.069 | ||
| 100 |
_aDubey, Nimish _980163 |
||
| 245 |
_aChambers Book Of Sports Facts/ _cNimish Dubey [and] Akriti Rana |
||
| 260 |
_aGurugram _bHachette Books Publishing _c2024 |
||
| 270 |
_a4th and 5th Floor, Corporate Centre, Plot No.-94, Sector 44, _bGurugram _e122003 |
||
| 300 |
_a242p. _c20cm(pb) |
||
| 700 |
_aRana, Akriti _eAuthor _980164 |
||
| 942 |
_2ddc _cEN _h796.069 _mDUB |
||
| 999 |
_c210695 _d210695 |
||